000 00403nam a2200169Ia 4500
001 12553
003 IN-NITTTR
005 20251114233117.0
008 251113s9999||||xx |||||||||||||| ||eng||
040 _beng
040 _cIN-NITTTR
041 _aeng
082 _a770 L263S
100 _aLangford, Michael
245 4 _aThe step by step guide to photography /
_cLangford, Michael
942 _2ddc
_cBK
999 _c15189
_d15189